000 00640nam a2200205 4500
001 107870
003 ES-MaACL
005 20250915063050.0
007 t|
008 061121s1971 sp r ||||1| spa d
100 1 _aMontanelli, Indro,
_d1909-2001
_9242260
245 1 3 _aLa Italia de la Contrarreforma /
_cIndro Montanelli y Roberto Gervaso; [ traducción de H.F.].
250 _a[ 1.ª ed.].
260 _aBarcelona :
_bPlaza y Janés,
_c[ 1971]
300 _a350 p., 8 lám. ;
_c22 cm.
700 1 _aGervaso, Roberto.
_956514
700 1 _aH.F.
_961334
852 _aES-MaACL
_jC-38659
_bR.77080
999 _c107870
_d107870